Geografía por Letra - Y - Estadísticas

Estadísticas generales
  • Esta prueba ha sido intentada 3.833 veces
  • La puntuación promedio es 10 de 20
Estadísticas de respuestas
Pista Respuesta % Correcto
Vecino de Omán Yemen
99%
Moneda de Japón Yen
97%
País que se disolvió en muchos pedazos en 1991 Yugoslavia
89%
Capital de Indonesia Yakarta
87%
País en el Cuerno de África Yibuti
87%
La península mexicana es conocida por el impacto de un meteorito prehistórico Yucatán
80%
El primer parque nacional de los EE.UU. (y también del mundo) Yellowstone
66%
Ciudad del norte de Inglaterra York
62%
Capital de Camerún Yaundé
50%
El río más largo de China Yangtsé
36%
Parque nacional en California Yosemite
33%
Territorio canadiense del extremo noroeste Yukón
33%
La ciudad de Crimea y el lugar de la conferencia de la Segunda Guerra Mundial Yalta
31%
Capital de Nauru Yaren
31%
Una gran ciudad al sur de Tokio Yokohama
28%
Dialecto judío de Europa Oriental Yidis
24%
Tipo de vivienda portátil encontrada en Asia central Yurta
15%
Capital de los Territorios del Noroeste del Canadá Yellowknife
11%
Ciudad de Bélgica cerca de donde se libraron cinco batallas de la Primera Guerra Mundial Ypres
11%
Un término para el grupo étnico al que pertenece el 98,5% de los residentes japoneses Yamato
6%
No se encontraron pruebas coincidentes
Distribución de puntuación
Porcentaje de gente con cada puntuación
Porcentaje por número respondido
Historial de tus puntuaciones
No has intentado esta prueba.